A jelentéstan múltja és jövője
Elmentve itt :
| Szerző: | |
|---|---|
| Adatforrás: | Philobibl |
| Forrásdokumentuma: | Korunk, 1971/10 1472-1479. p. |
| Dokumentumtípus: | Cikk |
| Nyelv: | magyar |
| Kulcsszavak: | logika |
| LEADER | 00302nab a2200109 c 4500 | ||
|---|---|---|---|
| 001 | bibDOK00015083 | ||
| 005 | 20200924121004.1 | ||
| 008 | 060518s1971 xx hun | ||
| 100 | 1 | |a Máthé Jakab | |
| 245 | 1 | 2 | |a A jelentéstan múltja és jövője |c Máthé Jakab |
| 695 | |a logika | ||
| 773 | 0 | |t Korunk, 1971/10 |g 1472-1479. p. | |